[Event "AUTO-ADV-4875"]
[Site "http://www.queenalice.com/game.php?id=1859792"]
[Date "2025.7.11"]
[Round "1"]
[White "BobFicha"]
[Black "profeta"]
[Result "1-0"]
[WhiteElo "2033"]
[BlackElo "1678"]

1. e4 e5 2. Nf3 Nc6 3. Bb5 a6 4. Bxc6 bxc6 5. Nxe5 Nf6 6. d3 h6 7. Nc3 Bb4 8.
Bd2 Bxc3 9. Bxc3 O-O 10. Qf3 g6 11. O-O-O Bb7 12. Nxc6 dxc6 13. Bxf6 Qd7 14. Bc3
c5 15. Qf6 Qd4 16. Bxd4 cxd4 17. h4 a5 18. Qxd4 f5 19. Qc4+ Kh8 20. Qxc7 Bc8 21.
Qc5 Re8 22. Qc6 Ba6 23. exf5 gxf5 24. Qxh6+ Kg8 25. Qg6+ Kf8 26. Qxf5+ Kg8 27.
Qxa5 Bb7 28. Qg5+ Kf8 29. f3 Re2 30. a3 Rc8 31. c3 Rce8 32. h5 Rb8 33. Qf4+ Ke7
34. Qxb8 Bd5 35. Rd2 Re6 36. h6 Kf6 37. h7 1-0

[Event "AUTO-ADV-4875"]
[Site "http://www.queenalice.com/game.php?id=1859793"]
[Date "2025.7.11"]
[Round "1"]
[White "profeta"]
[Black "BobFicha"]
[Result "0-1"]
[WhiteElo "1680"]
[BlackElo "2031"]

1. e4 e5 2. d4 exd4 3. Qxd4 Nc6 4. Qd1 Nf6 5. Nc3 Bb4 6. a3 Bxc3+ 7. bxc3 Nxe4
8. Nf3 Nxc3 9. Qd3 Qe7+ 10. Qe3 Qxe3+ 11. fxe3 d6 12. Bb5 Nxb5 13. O-O Bg4 14.
h3 Bxf3 15. Rxf3 O-O 16. Bb2 a5 17. Rg3 g6 18. Rf1 Ne5 19. Bxe5 dxe5 20. e4 Nd6
21. Rc3 c6 22. Rb1 Nxe4 23. Re3 Nd6 24. Rd1 Nc4 25. Re4 Nxa3 26. c3 Rfd8 27. Ra1
Nc2 28. Ra2 Rd1+ 29. Kh2 Rd2 30. Rxe5 b6 31. Ra4 b5 32. Rae4 a4 33. Re8+ Rxe8
34. Rxe8+ Kg7 35. Rc8 Rd6 36. Rb8 a3 37. Re8 a2 0-1

[Event "AUTO-ADV-4875"]
[Site "http://www.queenalice.com/game.php?id=1859796"]
[Date "2025.7.11"]
[Round "1"]
[White "BobFicha"]
[Black "game"]
[Result "1-0"]
[WhiteElo "2016"]
[BlackElo "1662"]

1. e4 Nc6 2. Nf3 e5 3. Bb5 d6 4. Bxc6+ bxc6 5. d3 c5 6. O-O Ba6 7. c4 Qf6 8. Bg5
Qg6 9. Re1 f6 10. Bd2 h5 11. Ba5 O-O-O 12. Qa4 Rd7 13. Bxc7 Bb7 14. Ba5 Bc6 15.
Qxc6+ Kb8 16. Qxd7 Ne7 17. Qxd6+ Ka8 18. Qa6 f5 19. Qxg6 Nxg6 20. exf5 Ne7 21.
Rxe5 Nc6 22. Re8+ Kb7 23. Bc3 Kc7 24. Na3 Kd7 25. Re4 h4 26. Ne5+ Kc7 27. Nb5+
Kb6 28. Nxc6 Kxc6 29. Nxa7+ Kb6 30. Nb5 Rh5 31. f6 gxf6 32. Re6+ Kb7 33. Rxf6
Rh8 34. Rf7+ Kb6 35. Bxh8 1-0

[Event "AUTO-ADV-4875"]
[Site "http://www.queenalice.com/game.php?id=1859797"]
[Date "2025.7.11"]
[Round "1"]
[White "game"]
[Black "BobFicha"]
[Result "0-1"]
[WhiteElo "1653"]
[BlackElo "2025"]

1. e4 e5 2. Nf3 Nc6 3. Bc4 Nf6 4. Ng5 d5 5. exd5 Nxd5 6. d3 f6 7. Ne4 Nb6 8.
Nbc3 Nxc4 9. dxc4 Qxd1+ 10. Kxd1 Be6 11. c5 O-O-O+ 12. Bd2 h6 13. a4 f5 14. Ng3
Bxc5 15. Rf1 f4 16. Nge4 Bf5 17. a5 Bxe4 18. Nxe4 Be7 19. Kc1 Rd7 20. c3 g5 21.
Nc5 Bxc5 22. c4 Nd4 23. Bc3 Nb3+ 24. Kc2 Nxa1+ 25. Rxa1 Re8 26. a6 b6 27. f3 e4
28. Re1 e3 29. Bg7 Rxg7 30. Kc3 Rd7 31. b4 Bd4+ 32. Kb3 e2 33. b5 Bf2 34. Rc1
Rd1 35. Rxd1 exd1=Q+ 0-1

[Event "AUTO-ADV-4878"]
[Site "http://www.queenalice.com/game.php?id=1860376"]
[Date "2025.7.22"]
[Round "1"]
[White "carlitomontana93270"]
[Black "BobFicha"]
[Result "0-1"]
[WhiteElo "1780"]
[BlackElo "1965"]

1. c4 e5 2. d3 Nf6 3. g3 Bb4+ 4. Bd2 Bxd2+ 5. Nxd2 O-O 6. Bg2 Re8 7. Ngf3 c6 8.
O-O Qb6 9. b3 d5 10. cxd5 cxd5 11. Rc1 Nc6 12. Rc2 Bg4 13. h3 Bf5 14. Nh4 Be6
15. e4 Nd4 16. Rc1 a5 17. Ndf3 Nxf3+ 18. Nxf3 dxe4 19. dxe4 Nxe4 20. Nxe5 Nxg3
21. Qd3 Nxf1 22. Qxf1 Bxh3 23. Nd7 Bxg2 24. Qxg2 Qg6 25. Qxg6 fxg6 26. Rc2 Rad8
27. Nb6 Re6 28. Nc4 b6 29. Ne3 Rd4 30. Kg2 h5 31. Rc8+ Kh7 32. Nc4 Re2 33. Rb8
Rxa2 34. Rxb6 Rf4 35. Kg3 Rfxf2 36. Nxa5 Rfb2 37. Nc4 Rg2+ 38. Kf3 h4 39. Ne3
Rg3+ 40. Kf4 g5+ 41. Ke4 Re2 0-1

[Event "AUTO-ADV-4878"]
[Site "http://www.queenalice.com/game.php?id=1860377"]
[Date "2025.7.22"]
[Round "1"]
[White "BobFicha"]
[Black "carlitomontana93270"]
[Result "0-1"]
[WhiteElo "1929"]
[BlackElo "1755"]

1. e4 c5 2. Nf3 d6 3. Bc4 e6 4. O-O g6 5. b3 Bg7 6. c3 Nf6 7. Re1 O-O 8. d4 cxd4
9. cxd4 a6 10. e5 Ne8 11. d5 exd5 12. Bxd5 Nc6 13. Bxc6 bxc6 14. exd6 Bxa1 15.
Bh6 Bg7 16. Bf4 Ra7 17. Na3 Rd7 18. Nc4 a5 19. a4 f5 20. Qd2 Ba6 21. Re6 Bxc4
22. bxc4 c5 23. Qd5 Kh8 24. Qxc5 Rf6 25. Rxf6 Bxf6 26. Be5 Bxe5 27. Qxe5+ Kg8
28. Qe6+ Kh8 29. Ne5 Rxd6 30. Nf7+ Kg7 31. Qxd6 Qxd6 32. Nxd6 Nxd6 33. c5 Ne8
34. f4 Kf7 35. Kf2 Ke6 36. Ke3 Kd5 37. Kd3 Kxc5 38. Kc3 Nc7 39. g3 Ne6 40. h3
Nd4 41. Kd3 Kb4 42. Kxd4 Kxa4 43. Kc4 Ka3 44. g4 a4 45. Kc3 Ka2 46. Kc2 a3 47.
Kc1 Kb3 48. Kb1 a2+ 49. Ka1 Kc3 50. Kxa2 Kd4 51. gxf5 gxf5 52. Kb2 Ke4 53. Kc3
Kxf4 54. Kd3 Kf3 55. h4 Kg4 56. Ke3 h5 57. Kf2 Kxh4 58. Kf3 Kg5 59. Kg3 f4+ 60.
Kf3 h4 61. Kg2 Kg4 62. Kh2 f3 63. Kh1 Kg3 64. Kg1 f2+ 0-1

[Event "AUTO-ADV-4878"]
[Site "http://www.queenalice.com/game.php?id=1860402"]
[Date "2025.7.22"]
[Round "1"]
[White "fbenevides2019"]
[Black "BobFicha"]
[Result "1-0"]
[WhiteElo "1890"]
[BlackElo "1974"]

1. d4 d5 2. Nc3 Nf6 3. h3 e6 4. a3 Nc6 5. Nf3 Bd6 6. e3 Bd7 7. Bb5 Qe7 8. Bxc6
Bxc6 9. O-O O-O 10. b4 a6 11. Re1 e5 12. dxe5 Bxe5 13. Bb2 Nd7 14. Nxe5 Qxe5 15.
Qd4 Qxd4 16. exd4 Nf6 17. f3 b5 18. Re7 Bd7 19. Nxd5 Nxd5 20. Rxd7 c6 21. Kf2
Rac8 22. Ra7 Nc7 23. c3 g5 24. g4 f5 25. Bc1 h6 26. f4 fxg4 27. hxg4 gxf4 28.
Kf3 Nd5 29. Bd2 Nc7 30. Rh1 Rf6 31. Rh5 Nd5 32. Rxa6 Kg7 33. a4 bxa4 34. Rxa4
Rg6 35. Ra3 Nf6 36. Rh4 Nd5 37. c4 Nf6 38. Bxf4 Rd8 39. Ra7+ Kf8 40. Bxh6+ Ke8
41. Be3 Rg8 42. Kf4 Nd7 43. Rc7 Nb8 44. d5 cxd5 45. cxd5 Rxd5 46. Rc8+ Rd8 47.
Rxd8+ Kxd8 48. Rh7 Rf8+ 49. Kg5 Nd7 50. Kh6 Nf6 51. Rg7 Rh8+ 52. Kg5 Ne4+ 53.
Kf4 Nf6 54. Ra7 Re8 55. Ra8+ Kc7 56. Rxe8 Nxe8 57. b5 Nd6 58. b6+ Kb7 59. g5 Kc8
60. g6 Ne8 61. Bd4 Kb7 62. Kf5 Kc6 63. Ke6 1-0

[Event "AUTO-ADV-4878"]
[Site "http://www.queenalice.com/game.php?id=1860403"]
[Date "2025.7.22"]
[Round "1"]
[White "BobFicha"]
[Black "fbenevides2019"]
[Result "1-0"]
[WhiteElo "1951"]
[BlackElo "1893"]

1. e4 e5 2. Nf3 d6 3. Bc4 Nf6 4. Ng5 Be6 5. Bxe6 fxe6 6. Nxe6 Qe7 7. Ng5 h6 8.
Nf3 Nxe4 9. O-O g5 10. d3 Nc5 11. Nc3 a6 12. Nd5 Qf7 13. c4 Ne6 14. Qa4+ Nc6 15.
Be3 O-O-O 16. a3 Ne7 17. Nxe7+ Qxe7 18. b4 c6 19. Qa5 Kd7 20. Qb6 Ke8 21. Rfc1
Ra8 22. b5 c5 23. bxa6 Rxa6 24. Qb3 Bg7 25. Rab1 Nd8 26. Nd2 Qd7 27. Ne4 b6 28.
Qb5 Ra5 29. Qxd7+ Kxd7 30. Rb3 Ra6 31. Rcb1 Kc7 32. Nc3 Kc6 33. a4 Nb7 34. Nd5
Na5 35. Rxb6+ Rxb6 36. Rxb6+ Kd7 37. Bd2 Nxc4 38. dxc4 Ke6 39. Nc7+ Kf5 40. Rxd6
Rc8 41. Ne6 Bf6 42. f3 e4 43. fxe4+ Kxe4 44. Be1 Bd4+ 45. Nxd4 cxd4 46. Rxh6
Rxc4 47. a5 Ra4 48. a6 Ke3 49. Re6+ Kf4 50. Bg3+ Kf5 51. Rd6 Ke4 52. h3 d3 53.
Bf2 Ra2 54. a7 d2 55. Rxd2 1-0

[Event "AUTO-ADV-4879"]
[Site "http://www.queenalice.com/game.php?id=1860443"]
[Date "2025.7.24"]
[Round "1"]
[White "Zero007"]
[Black "BobFicha"]
[Result "1-0"]
[WhiteElo "1943"]
[BlackElo "2013"]

1. e4 e5 2. Nf3 Nc6 3. Bb5 Qf6 4. c3 a6 5. Ba4 b5 6. Bc2 Bc5 7. O-O Qe7 8. d4
exd4 9. cxd4 Bb6 10. a3 d6 11. h3 Bb7 12. Re1 O-O-O 13. b4 h6 14. Bb2 Qf8 15. d5
Nce7 16. Bd4 Bxd4 17. Nxd4 Nf6 18. Nc3 g5 19. a4 bxa4 20. Bxa4 Nd7 21. b5 Nb6
22. bxa6 Bxa6 23. Bc2 Bc4 24. Nc6 Nxc6 25. dxc6 Qe8 26. Nd5 Bxd5 27. exd5 Qg8
28. Bf5+ Kb8 29. Ra8+ Kxa8 30. Qa1+ Kb8 31. Qa6 1-0

[Event "AUTO-ADV-4879"]
[Site "http://www.queenalice.com/game.php?id=1860444"]
[Date "2025.7.24"]
[Round "1"]
[White "BobFicha"]
[Black "Zero007"]
[Result "0-1"]
[WhiteElo "1994"]
[BlackElo "1978"]

1. e4 e5 2. Nf3 Nf6 3. Bc4 Nxe4 4. d3 Nf6 5. Nxe5 d5 6. Bb3 Bd6 7. Qe2 O-O 8. d4
c5 9. Be3 c4 10. Ba4 a6 11. c3 Nbd7 12. Nxd7 Bxd7 13. Bxd7 Qxd7 14. Nd2 Ng4 15.
h3 Nxe3 16. fxe3 Bg3+ 17. Kd1 Rfe8 18. e4 f5 19. e5 f4 20. Nf1 Bh4 21. Nd2 Bg3
22. h4 Qe6 23. Nf1 Rf8 24. Nxg3 fxg3 25. Rh3 Rf2 26. Qe3 Rf1+ 27. Kd2 Rxa1 28.
a3 Qxh3 29. Qf3 Qe6 30. Qxg3 Rf8 31. Kc2 Qf5+ 0-1

[Event "AUTO-ADV-4879"]
[Site "http://www.queenalice.com/game.php?id=1860463"]
[Date "2025.7.24"]
[Round "1"]
[White "BobFicha"]
[Black "altair"]
[Result "1-0"]
[WhiteElo "1941"]
[BlackElo "1797"]

1. e4 e5 2. Nf3 d6 3. Bc4 h6 4. O-O Nf6 5. Re1 a5 6. d4 Nbd7 7. dxe5 dxe5 8. Nc3
c6 9. Be3 b5 10. Bd3 b4 11. Na4 Bb7 12. a3 Bd6 13. axb4 Bxb4 14. c3 Bd6 15. Bc4
O-O 16. Qxd6 Nxe4 17. Nxe5 Nxd6 18. Nxd7 Qxd7 19. Nb6 Qd8 20. Nxa8 Qxa8 21. Bb3
Nf5 22. Bb6 c5 23. f3 Qc8 24. Rxa5 c4 25. Bc2 Nd6 26. Be4 Bxe4 27. fxe4 Qc6 28.
Bc5 Re8 29. Bb4 Rxe4 30. Rd1 Nf5 31. Rxf5 Qe6 32. Rf2 Re1+ 33. Rxe1 Qxe1+ 34.
Rf1 Qe2 35. Ba3 Qe3+ 36. Rf2 Qc1+ 37. Rf1 Qe3+ 38. Rf2 f5 39. Kf1 f4 40. Re2 Qd3
41. Bc5 g5 42. Kf2 Kf7 43. Re7+ Kg6 44. Bd4 g4 45. Rg7+ Kh5 46. Re7 g3+ 47. hxg3
Qxg3+ 48. Kf1 f3 49. gxf3 Qxf3+ 50. Bf2 Qd1+ 51. Re1 Qd2 52. Re2 Qc1+ 53. Be1
Kg5 54. Kf2 Qf4+ 55. Kg1 h5 56. Bd2 1-0

[Event "AUTO-ADV-4879"]
[Site "http://www.queenalice.com/game.php?id=1860464"]
[Date "2025.7.24"]
[Round "1"]
[White "altair"]
[Black "BobFicha"]
[Result "1-0"]
[WhiteElo "1774"]
[BlackElo "1977"]

1. e4 e5 2. d3 Bc5 3. h3 Qf6 4. Nf3 Nc6 5. c3 h6 6. a3 b6 7. b4 Be7 8. Be2 Bb7
9. Nbd2 O-O-O 10. b5 Nb8 11. Bb2 d5 12. c4 d4 13. O-O g5 14. g4 h5 15. Nh2 h4
16. a4 Qf4 17. Bc1 Qf6 18. Nb3 Qd6 19. Nf3 f6 20. Ba3 Qd7 21. c5 bxc5 22. Bxc5
Bxc5 23. Nxc5 Qd6 24. Rc1 Nd7 25. Nxb7 Kxb7 26. Nd2 Rc8 27. Nc4 Qf8 28. Na5+ Ka8
29. Qc2 Qd8 30. Qc6+ 1-0

[Event "AUTO-ADV-4850"]
[Site "http://www.queenalice.com/game.php?id=1861446"]
[Date "2025.8.11"]
[Round "2"]
[White "BobFicha"]
[Black "Fauquinelle"]
[Result "0-1"]
[WhiteElo "1943"]
[BlackElo "1991"]

1. e4 e5 2. Nf3 Nc6 3. Bb5 a6 4. Bxc6 dxc6 5. Nxe5 Qd4 6. Nf3 Qxe4+ 7. Qe2 Qxe2+
8. Kxe2 Bg4 9. Re1 O-O-O 10. h3 Bh5 11. d3 Bc5 12. g4 Bg6 13. Kf1 h5 14. g5 f6
15. Nc3 Re8 16. Rxe8+ Bxe8 17. gxf6 Nxf6 18. Be3 Bd6 19. Ne4 Nxe4 20. dxe4 Bd7
21. e5 Bxh3+ 22. Ke2 Bb4 23. Rg1 Rg8 24. c3 Be7 25. a3 Bg4 26. b4 Rf8 27. Ke1
Rxf3 28. Kd2 g6 29. c4 b6 30. Ra1 h4 31. Rg1 Bf5 32. Ke2 Be4 33. Rxg6 Rxe3+ 34.
Kxe3 Bxg6 35. Kf3 Bh5+ 36. Kg2 Bg4 37. f3 Bf5 38. f4 Kd7 39. Kf3 c5 40. b5 axb5
41. cxb5 c4 0-1

[Event "AUTO-ADV-4850"]
[Site "http://www.queenalice.com/game.php?id=1861447"]
[Date "2025.8.11"]
[Round "2"]
[White "Fauquinelle"]
[Black "BobFicha"]
[Result "1-0"]
[WhiteElo "1930"]
[BlackElo "1955"]

1. d4 Nf6 2. Nf3 d5 3. e3 a6 4. c4 c6 5. Nc3 e6 6. Bd3 Bb4 7. O-O O-O 8. Ne2
dxc4 9. Bxc4 Qd6 10. Ng3 b5 11. Bd3 Nbd7 12. a3 Ba5 13. b4 Bb6 14. Bb2 Re8 15.
Qc2 g6 16. e4 Qc7 17. e5 Nd5 18. Bc1 Qa7 19. Ne2 Bd8 20. Bh6 Be7 21. Nf4 Nxf4
22. Bxf4 Bf8 23. Be3 Qc7 24. Ng5 Nb6 25. h4 h6 26. Ne4 Nd7 27. Qd2 Kg7 28. Bxh6+
Kh7 29. Nf6+ Nxf6 30. Bxf8 Ng8 31. Bc5 Ne7 32. h5 Nd5 33. Qc2 Nf4 34. hxg6+ fxg6
35. Be4 Rg8 36. g3 Nd5 37. Kg2 Qf7 38. Rh1+ Kg7 39. Rh2 Qe8 40. Rah1 Nf6 41.
exf6+ Kxf6 42. Qd3 Bb7 43. Qf3+ 1-0

[Event "AUTO-ADV-4872"]
[Site "http://www.queenalice.com/game.php?id=1862225"]
[Date "2025.8.28"]
[Round "2"]
[White "BobFicha"]
[Black "chessman"]
[Result "1/2-1/2"]
[WhiteElo "1898"]
[BlackElo "2080"]

1. e4 e6 2. d4 d5 3. Nc3 dxe4 4. Nxe4 Nd7 5. Bd3 Ngf6 6. Bg5 Be7 7. Nf3 Nxe4 8.
Bxe7 Qxe7 9. Bxe4 O-O 10. O-O Qf6 11. Qd3 h6 12. c3 Nb6 13. b3 Rb8 14. c4 Bd7
15. Qe3 Rfd8 16. Rfd1 Nc8 17. a4 a6 18. a5 Nd6 19. Bc2 Nf5 20. Bxf5 Qxf5 21. Ra2
Bc6 22. Ne5 Be8 23. Rad2 f6 24. Nf3 Bc6 25. h3 Bxf3 26. Qxf3 Qxf3 27. gxf3 Rd7
28. f4 Rbd8 29. Kg2 c5 30. d5 exd5 31. cxd5 Rd6 32. Kf3 b5 33. axb6 Rxb6 34. Rd3
Rdb8 35. d6 Rxb3 36. d7 Rxd3+ 37. Rxd3 Rd8 38. Ke2 Kf7 39. Rd6 Ke7 40. Rxa6 Rxd7
41. Rc6 Rd5 42. Rc7+ Kf8 43. Ke3 g6 44. Ke4 Rf5 45. f3 h5 46. h4 Kg8 47. Rd7 Kf8
48. Rd5 Rxd5 49. Kxd5 Ke7 50. Kxc5 Ke6 51. Kd4 Kf5 52. Ke3 g5 53. fxg5 fxg5 54.
hxg5 Kxg5 55. Kf2 Kf4 56. Kg2 h4 57. Kh3 1/2-1/2

[Event "AUTO-ADV-4872"]
[Site "http://www.queenalice.com/game.php?id=1862226"]
[Date "2025.8.28"]
[Round "2"]
[White "chessman"]
[Black "BobFicha"]
[Result "1/2-1/2"]
[WhiteElo "2053"]
[BlackElo "1938"]

1. e4 e5 2. Nf3 d6 3. d4 exd4 4. Nxd4 Nf6 5. Nc3 c6 6. Be2 c5 7. Bb5+ Bd7 8.
Bxd7+ Nbxd7 9. Nf5 g6 10. Nxd6+ Bxd6 11. Qxd6 b6 12. Bh6 Rg8 13. O-O Qe7 14. Qd3
O-O-O 15. Qa6+ Kb8 16. Nb5 Ne5 17. Bf4 Rd7 18. Rfd1 Rgd8 19. Rxd7 Rxd7 20. Nxa7
Rxa7 21. Qxb6+ Rb7 22. Bxe5+ Qxe5 23. Qd8+ Ka7 24. Qa5+ Kb8 25. Qd8+ Ka7 26.
Qa5+ Kb8 27. Qd8+ Ka7 1/2-1/2

[Event "AUTO-ADV-4834"]
[Site "http://www.queenalice.com/game.php?id=1862373"]
[Date "2025.9.1"]
[Round "3"]
[White "chessman"]
[Black "BobFicha"]
[Result "1-0"]
[WhiteElo "2012"]
[BlackElo "1906"]

1. e4 e5 2. Nf3 d6 3. d4 exd4 4. Nxd4 Nf6 5. Nc3 c6 6. Be2 b5 7. a3 Bb7 8. O-O
Be7 9. Re1 O-O 10. Be3 a6 11. f3 Nbd7 12. Nf5 Ne5 13. Nxe7+ Qxe7 14. f4 Ned7 15.
Bf3 Rfd8 16. b4 Rac8 17. Qe2 d5 18. exd5 cxd5 19. Nd1 Nf8 20. Bc5 Qxe2 21. Rxe2
N8d7 22. Bf2 Ra8 23. Rd2 g6 24. Nb2 Nb8 25. Re1 a5 26. Bh4 Rd6 27. bxa5 Rxa5 28.
Bxf6 Rxf6 29. Bxd5 Rd6 30. Bxf7+ Kxf7 31. Rxd6 Rxa3 32. Rb6 Ra6 33. Rxb7+ 1-0

[Event "AUTO-ADV-4834"]
[Site "http://www.queenalice.com/game.php?id=1862374"]
[Date "2025.9.1"]
[Round "3"]
[White "BobFicha"]
[Black "chessman"]
[Result "1-0"]
[WhiteElo "1894"]
[BlackElo "1997"]

1. e4 e6 2. Nf3 d5 3. exd5 exd5 4. Bb5+ c6 5. Be2 Nf6 6. d4 Be7 7. c3 O-O 8. O-O
Re8 9. Re1 Nbd7 10. Bd3 a6 11. b4 Nf8 12. h3 Be6 13. Be3 Qc7 14. Ne5 b6 15. Bf4
Qb7 16. Nd2 c5 17. bxc5 bxc5 18. f3 cxd4 19. cxd4 Rec8 20. Rb1 Qa7 21. Be3 Rc3
22. Qe2 Rac8 23. Nb3 a5 24. a4 Bb4 25. Bd2 R3c7 26. Ba6 Rb8 27. Bxb4 Rxb4 28.
Bb5 Rc3 29. Nc5 Rxd4 30. Nxe6 fxe6 31. Qf2 Qc5 32. Nc6 Rf4 33. Qxc5 Rxc5 34.
Nxa5 Rxa4 35. Nb7 Rxb5 36. Rxb5 h6 37. Nc5 Rc4 38. Nxe6 Nxe6 39. Rxe6 Rc1+ 40.
Kh2 1-0

[Event "AUTO-ADV-4875"]
[Site "http://www.queenalice.com/game.php?id=1865575"]
[Date "2025.11.14"]
[Round "2"]
[White "BobFicha"]
[Black "Connor"]
[Result "1-0"]
[WhiteElo "1905"]
[BlackElo "1901"]

1. e4 e5 2. Nf3 d6 3. Bc4 Be7 4. d3 Nf6 5. Ng5 d5 6. exd5 Nxd5 7. Qf3 Bxg5 8.
Bxd5 O-O 9. Nd2 c6 10. Bb3 Nd7 11. O-O Nc5 12. Ne4 Nxe4 13. Qxe4 Bxc1 14. Raxc1
Qd4 15. Qxd4 exd4 16. Rfe1 c5 17. Re7 b6 18. Rce1 Ba6 19. Bd5 1-0